| 000 | 00332nam a22001457a 4500 | ||
|---|---|---|---|
| 003 | SGT | ||
| 020 | _a9781178738940 | ||
| 082 |
_a954.034 _bG70K |
||
| 100 | _aKRIPLANI, JB | ||
| 245 | _aGANDHI HIS LIFE AND THOUGHT | ||
| 260 |
_aINDIA _bPUBLICATIONS DIVISION _c1970 |
||
| 300 | _a506 | ||
| 650 | _aMAHATMA GANDHI | ||
| 942 |
_2ddc _cBK |
||
| 999 |
_c26089 _d26089 |
||